[Event "GRE-chT 50th"]
[Site "Nikaia"]
[Date "2023.08.26"]
[Round "2.4"]
[White "Mixakis, Evangelos"]
[Black "Nteligiorgis, Eleftherios"]
[Result "0-1"]
[WhiteElo "1922"]
[BlackElo "2029"]
[PlyCount "84"]
[EventDate "2023.08.25"]
[EventType "team"]
[EventRounds "9"]
[EventCountry "GRE"]
[SourceTitle "EXT 2024"]
[Source "ChessBase"]
[SourceDate "2023.10.10"]
[SourceVersion "1"]
[SourceVersionDate "2023.10.10"]
[SourceQuality "1"]
[WhiteTeam "Sath Likos Pirgos"]
[BlackTeam "Ames Neas Erythreas"]
[WhiteTeamCountry "GRE"]
[BlackTeamCountry "GRE"]

1. c4 e5 2. Nc3 d6 3. g3 f5 4. d4 Be7 5. Bg2 Nf6 6. dxe5 dxe5 7. Qxd8+ Bxd8 8. Nf3 Nc6 9. 0-0 e4 10. Ng5 h6 11. Nh3 Ne5 12. b3 c6 13. f3 Bb6+ 14. Kh1 0-0 15. Ba3 Re8 16. Rad1 exf3 17. exf3 Be6 18. Nf4 Bf7 19. Na4 g5 20. Nh3 Ned7 21. Rfe1 Ba5 22. b4 Bc7 23. Bf1 Ne5 24. Bb2 Nxf3 25. Rxe8+ Nxe8 26. Nc5 b6 27. Bg2 g4 28. Bxf3 gxf3 29. Na6 Rd8 30. Rxd8 Bxd8 31. c5 Bxa2 32. Kg1 Nf6 33. Kf2 Bd5 34. Ke3 Ng4+ 35. Kf4 f2 36. Nxf2 Nxf2 37. Kxf5 Kf7 38. Bd4 Nd3 39. h4 bxc5 40. Nxc5 Nxb4 41. Bc3 Nc2 42. h5 Bg5 0-1

[Event "Thessaloniki-Chalkidiki-chT B local"]
[Site "Thessaloniki"]
[Date "2019.01.20"]
[Round "2.2"]
[White "Cook, Michael Antony"]
[Black "Mixakis, Evangelos"]
[Result "1-0"]
[WhiteElo "1926"]
[BlackElo "1801"]
[PlyCount "73"]
[EventDate "2019.01.13"]
[EventType "team-swiss"]
[EventRounds "9"]
[EventCountry "GRE"]
[SourceTitle "EXT 2020"]
[Source "ChessBase"]
[SourceDate "2019.10.17"]
[SourceVersion "1"]
[SourceVersionDate "2019.10.17"]
[SourceQuality "1"]

1. e4 c5 2. Nf3 d6 3. d4 cxd4 4. Nxd4 Nf6 5. Nc3 g6 6. Be3 Bg7 7. f3 0-0 8. Qd2 Nc6 9. 0-0-0 d5 10. Qe1 e5 11. Nxc6 bxc6 12. exd5 cxd5 13. Bg5 Qb6 14. Bxf6 Bh6+ 15. Kb1 Rb8 16. b3 Qxf6 17. Nxd5 Qg7 18. Bc4 Bb7 19. Qh4 Bxd5 20. Rxd5 Rfc8 21. Rhd1 Qf8 22. Rd7 Rxc4 23. Qxc4 e4 24. Qd5 e3 25. Rd8 Rxd8 26. Qxd8 f5 27. Qxf8+ Kxf8 28. c4 Bf4 29. g3 Bc7 30. Re1 f4 31. gxf4 Bxf4 32. Re2 Kf7 33. Kc2 Kf6 34. Kd3 Kf5 35. h3 h5 36. c5 Kg5 37. Ke4 1-0